Prevention and treatment of sports injuries / (Record no. 57349)

MARC details
000 -LEADER
fixed length control field 00862nam a22002417a 4500
005 - DATE AND TIME OF LATEST TRANSACTION
control field 20111007112325.0
008 - FIXED-LENGTH DATA ELEMENTS--GENERAL INFORMATION
fixed length control field 111007t xxu||||| |||| 00| 0 eng d
010 ## - LCCN (DPL NO)
LC control number ENG-103892
020 ## - INTERNATIONAL STANDARD BOOK NUMBER
International Standard Book Number 9788178796529
Terms of availability 800.00
035 ## - SYSTEM CONTROL NUMBER
System control number EN-87425
037 ## - SOURCE OF ACQUISITION
Source of stock number/acquisition DBAD / PUB
040 ## - CATALOGING SOURCE
Original cataloging agency dpl
Language of cataloging Eng
082 ## - DEWEY DECIMAL CLASSIFICATION NUMBER
Classification number 617.1027
100 ## - MAIN ENTRY--PERSONAL NAME
9 (RLIN) 24913
245 ## - TITLE STATEMENT
Title Prevention and treatment of sports injuries /
Statement of responsibility, etc edited & complied by Rajeev Kumar
260 ## - PUBLICATION, DISTRIBUTION, ETC. (IMPRINT)
Place of publication, distribution, etc New Delhi
Name of publisher, distributor, etc Sports Publication
Date of publication, distribution, etc 2011
270 ## - ADDRESS
Address 7/26, Ground Floor, Ansari Road, Darya Ganj
City New Delhi
Postal code 110002
300 ## - PHYSICAL DESCRIPTION
Extent 323p.
Dimensions 22cm (Hb)
650 ## - SUBJECT ADDED ENTRY--TOPICAL TERM
9 (RLIN) 35248
700 ## - ADDED ENTRY--PERSONAL NAME
9 (RLIN) 24920
Personal name Rajeev Kumar
942 ## - ADDED ENTRY ELEMENTS (KOHA)
Source of classification or shelving scheme Dewey Decimal Classification
Item type English Books
Call number suffix PRE
Classification part 617.1027
Holdings
Withdrawn status Lost status Source of classification or shelving scheme Damaged status Not for loan Collection code Home library Current library Date acquired Source of acquisition Cost, normal purchase price Total Checkouts Full call number Barcode Date last seen Copy number Cost, replacement price Koha item type
    Dewey Decimal Classification   Not For Loan Non-fiction D.B.Act.Division D.B.Act.Division 07/10/2011 DBAD/PUB 800.00   617.1027 PRE EN-87425 07/10/2011 1 800.00 English Books

© Delhi Public Library
Hit Counter
free hit counter